000 01062cad a22002535a 4500
001 L155069
008 120224e20120217xxkd f s 000 0 eng d
035 _a(Sirsi) u155069
041 0 _aeng
110 2 _aRoyal Institution of Chartered Surveyors
_bEconomics
_95033
245 0 0 _aRICS global real estate weekly
_b17 February 2012
_h[electronic resource]
260 _aLondon
_bRICS
_c2012
490 0 _aRICS Global Real Estate Weekly
_v17 February 2012
520 _aDiscusses the real size of Spain's residential bad loan problem. US housing activity shows modest uptick. As sentiment turns sour, Hong Kong mortgage approvals continue to decline. UK bank lending to remain subdued.
590 _aKA
650 2 4 _aRICS GLOBAL REAL ESTATE WEEKLY
651 4 _aSpain
651 4 _aHong Kong
651 4 _aUnited States
_y1959-
651 4 _aUnited Kingdom
_y
690 _aResidential property
_96266
856 4 0 _uhttps://www.rics.org/site/download_feed.aspx?fileID=11278&fileExtension=PDF
_zView the report free of charge at www.rics.org
942 _n0
999 _c113306
_d113306